000
00316nam a2200109Ia 4500
008
220204s9999 xx 000 0 und d
082
_a
53.08:622.323
_b
WEI
100
_a
Weinberg, I
245
0
_a
Instrumentation manual (Petroleum processing and petro-chemical industries)
260
_a
Moscow
_b
Mir
_c
1978
942
_c
BK
999
_c
34190
_d
34190